Normal view
MARC view
Entry Topical Term
001 - CONTROL NUMBER
- control field: 303041
003 - CONTROL NUMBER IDENTIFIER
- control field: OSt
005 - DATE AND TIME OF LATEST TRANSACTION
- control field: 20220926000819.0
008 - FIXED-LENGTH DATA ELEMENTS
- fixed length control field: 220926|| aca||aabn | a|a d
040 ## - CATALOGING SOURCE
- Original cataloging agency: OSt
- Transcribing agency: OSt
150 ## - HEADING--TOPICAL TERM
- Topical term or geographic name entry element: Tribal Song India
670 ## - SOURCE DATA FOUND
- Source citation: Work cat.: (OSt)599814: Mahapatra Sitakant, They sing life, 2002
